000 00352 a2200157 4500
001 75644
020 _a9788520928233
040 _cAnchieta - Colégio São Paulo
100 _aDrummond, Allan
240 1 0 _aA ilha da energia:
_lpor
245 1 0 _aA ilha da energia:
300 _a36
362 0 _a2011
650 4 _aLiteratura infantil
942 _cBK
999 _c75644
_d75644